AU LIBRARIES
Centralized Library System Across Seven Campuses

Business Statistics Abridged: (Record no. 47367)

MARC details
000 -LEADER
fixed length control field 00586nam a22001937a 4500
005 - DATE AND TIME OF LATEST TRANSACTION
control field 20260421135558.0
008 - FIXED-LENGTH DATA ELEMENTS--GENERAL INFORMATION
fixed length control field 260421b |||||||| |||| 00| 0 eng d
020 ## - INTERNATIONAL STANDARD BOOK NUMBER
ISBN 978-0170439541
082 ## - DEWEY DECIMAL CLASSIFICATION NUMBER
Classification number 658.4033
Author Mark SEL-B
100 ## - MAIN ENTRY--AUTHOR
Author Name Selvanathan, Eliyathamby A.
-- Saroja Selvanathan
-- Gerald Keller
245 ## - TITLE STATEMENT
Title Business Statistics Abridged:
Sub-Title Australia and New Zealand
250 ## - EDITION STATEMENT
Edition statement 8th Ed
260 ## - PUBLICATION, DISTRIBUTION, ETC.
Place of Publication Australia
Name of publisher, distributor, etc. Cengage Learning Pty Limited
Date of publication, distribution, etc. 2021
300 ## - PHYSICAL DESCRIPTION
Pages 906 p.
500 ## - GENERAL NOTE
General note Includes Index.
650 ## - SUBJECT ADDED ENTRY--TOPICAL TERM
Subject / Department Business statistics
650 ## - SUBJECT ADDED ENTRY--TOPICAL TERM
Subject / Department General management
942 ## - ADDED ENTRY ELEMENTS (KOHA)
Koha item type Book
Holdings
Withdrawn status Lost status Damaged status Not for loan Collection code Permanent Location Current Location Shelving Location Date acquired Source of acquisition Price Inventory number Total Checkouts Full Call Number Accession No./Barcode Date last seen Koha item type
        Business Statistics Air University Kharian Campus Library Air University Kharian Campus Library Management Science 04/09/2026 Ali Book Service 3368.50 KA/10221   658.4033 SEL-B AUKHP0596 04/21/2026 Book
Air University Sector E-9, Islamabad Pakistan
Email: librarian@au.edu.pk  Tel : +0092 51 9262612 Ext: 631